Statystyki dla Quiz o stanie Ohio

Kliknij tutaj aby rozwiązać quiz!

Ogólne statystyki

  • Ten quiz został rozwiązany 19 razy
  • Średni wynik to 2 z 20

Statystyki odpowiedzi

WskazówkaOdpowiedź% Poprawnych
Stolica i największe miastoColumbus
78%
Trzecie największe miastoCincinnati
28%
Drugie największe miastoCleveland
28%
Wielkie jezioro graniczące z OhioJezioro {Erie}
22%
Miasto nazywane "gumową stolicą świata",
miejsce urodzenia LeBrona Jamesa
Akron
17%
Siedem z tych osób urodziło się w Ohio,
więcej niż w jakimkolwiek innym stanie z wyjątkiem Wirginii
Prezydent
17%
Czwarte największe miasto,
nazwane na cześć miasta w Hiszpanii
Toledo
17%
Wynalazcy z powyższego miasta, którzy
zmienili świat w 1903 roku
Bracia Wright
11%
Inny pseudonim stanu
(po angielsku)
Birthplace of {Aviation}
6%
Największy park rozrywkiCedar Point
6%
Miasto, w którym podpisano
porozumienie kończące wojnę w
Bośni i Hercegowinie
Dayton
6%
Pseudonim stanu
(po angielsku)
The {Buckeye} State
6%
Miasto, w którym znajduje się
galeria sławy futbolu amerykańskiego
Canton
0%
w mieście Lima toczy się akcja tego serialuGlee
0%
Pierwszy Amerykanin, który okrążył Ziemię,
później senator USA
John Glenn
0%
Uniwersytet, na którym 4.05.1970 oddziały
Gwardii Narodowej zastrzeliły czterech protestujących
Kent State
0%
Na rzece Cuyahoga River
ta katastrofa zdarzałą się wielokrotnie
Pożar
0%
Nazwa gatunku muzycznego
spopularyzowane przez DJ
Alana Freeda we wczesnych latach 50. XXw
Rock & Roll
0%
W czasie wyborów prezydenckich tak się mówi o Ohio
(angielska nazwa)
{Swing} State
0%
Wynalazca urodzony w mieście MilanThomas Edison
0%

Rozkład punktacji

Percentyl według liczby udzielonych odpowiedzi

Procent ludzi z każdym wynikiem

Twoja historia wyników

Nie rozwiązałeś tego quizu